[Event "Kuwait Rapid op 3rd"]
[Site "Kuwait City"]
[Date "2025.05.03"]
[Round "9"]
[White "Mohammad, Salahat"]
[Black "Iniyan, Panneerseluam"]
[Result "0-1"]
[WhiteElo "2034"]
[BlackElo "2573"]
[PlyCount "113"]
[EventDate "2025.05.02"]
[EventType "swiss (rapid)"]
[EventRounds "9"]
[EventCountry "KUW"]
[SourceTitle "CB19_2025"]
[SourceDate "2025.05.07"]
[SourceVersion "1"]
[SourceVersionDate "2025.05.07"]
[SourceQuality "1"]

1. e4 c5 2. Nc3 a6 3. g3 b5 4. Bg2 Bb7 5. d3 e6 6. Nh3 Nf6 7. 0-0 d5 8. exd5 Nxd5 9. Nxd5 Bxd5 10. Bxd5 Qxd5 11. Nf4 Qb7 12. Nh5 Nd7 13. a4 g6 14. Nf4 Ne5 15. f3 Bg7 16. Be3 Rc8 17. axb5 axb5 18. Qe2 h5 19. Nh3 0-0 20. Qf2 Rfd8 21. Ng5 Nc6 22. Rab1 c4 23. dxc4 bxc4 24. Ne4 Nd4 25. Bg5 f5 26. Nc3 Rd7 27. Ne2 Nxc2 28. Kh1 e5 29. Nc3 Nb4 30. Be3 Rd3 31. Kg1 Nd5 32. Bg5 e4 33. fxe4 Bd4 34. Nxd5 Bxf2+ 35. Rxf2 Rxd5 36. exd5 Qxd5 37. Bf6 Re8 38. Bc3 h4 39. gxh4 Re4 40. Rg2 Kf7 41. h5 gxh5 42. Rg7+ Kf8 43. h3 Re3 44. Rg2 Rxh3 45. Ra1 Qc5+ 46. Rf2 Rh1+ 47. Kxh1 Qxf2 48. Rg1 f4 49. Rg2 Qh4+ 50. Rh2 Qg4 51. Rg2 Qh3+ 52. Kg1 Qe3+ 53. Kf1 h4 54. Rf2 Qd3+ 55. Kg2 h3+ 56. Kg1 Qg3+ 57. Kf1 0-1